Cake - Melanie Martinez (all lyrics) - Statistics

General Stats
  • This quiz has been taken 92 times
  • The average score is 247 of 290
Answer Stats
Answer % Correct
just
99%
you
99%
You
99%
a
97%
cake
95%
(cake)
95%
I
95%
I'm
95%
of
93%
piece
93%
Your
92%
your
92%
my
91%
the
91%
The
91%
to
91%
For
89%
me
89%
not
89%
With
88%
with
88%
gave
86%
heart
85%
night
85%
slice
85%
Slice
85%
So
85%
You're
85%
you're
85%
away
84%
back
84%
last
84%
like
84%
miss
84%
takin'
84%
that
84%
walk
82%
frosting
81%
heaven
81%
When
81%
an
80%
meat
80%
mine,
80%
What's
78%
what's
78%
While
78%
you'll
78%
discard
77%
all
76%
And
73%
sweet
73%
got
72%
is
72%
taste
72%
feel
70%
ingredients
70%
am
69%
around
69%
missin'
69%
oven
69%
respectfully
69%
Somethin'
69%
vanilla
69%
buttercream
68%
leave
68%
put
68%
skin
68%
sugary
68%
Then
68%
arms
66%
Except
66%
smell
66%
up
66%
empty
65%
If
65%
warm
65%
whenever
65%
calories
64%
cotton
64%
loving
64%
senses
64%
filling
62%
needing
62%
fingers
58%
kiss
55%
We've
54%
Th-th-the
5%
No matching quizzes found
Score Distribution
Percent of People with Each Score
Percentile by Number Answered
Your Score History
You have not taken this quiz